000 01341cam a22003377a 4500
003 CHAP
005 20220329141916.0
008 980525d1985 mx r 00110 spa d
010 _a75587
011 _a76559
020 _a968840277X
035 _a86144
040 _cCHAP
082 0 4 _a860
_bQ8
100 0 0 _aQuirarte, Vicente.
_993482
245 1 0 _aPerderse para reencontrarse :
_bbitácora de contemporáneos
_c/por Vicente Quirarte
260 _aMéxico, D.F. :
_bUAM. Unidad Azcapotzaco. División de Ciencias Sociales y Humanidades,
_c1985.
300 _a111 p.
410 2 1 _aUAM. Unidad Azcapotzalco.
_bDivisión de Ciencias Sociales y Humanidades
490 0 _aBiblioteca de Ciencias y Humanidades. Serie Humanidades. Literatura
_v; 1
590 _aBATCH-UPD
_b10
_c20130110
_lUCH01
_h0557
590 _aCONVERSION
_b10
_c20130109
_lUCH01
_h1341
650 1 4 _aLiteratura mexicana.
_967138
810 2 1 _aUAM. Unidad Azcapotzalco.
_bDivisión de Ciencias Sociales y Humanidades
_9115979
830 0 0 _aBiblioteca de Ciencias y Humanidades. Serie Humanidades. Literatura
_v; 1
_912292
901 _aBK
905 _aAlejandra Carrasco M.
942 _cLIBRO
949 _a860 Q8
_bBC
_cLIBRO
_d33724000691713
_eLIBRO
_h93313
_i86144
_kDonaciØn
_si
949 _a860 Q8
_bBC
_cLIBRO
_d33724000691721
_eLIBRO
_fc.2
_h93314
_i86144
_kDonaciØn
_si
999 _c75587
_d75587